000 00415nam a22001697a 4500
003 UA-OsUOA
001 1937
007 ta
008 20050721b un ||||| |||| 00| 0 ukr d
100 _aАфонькин
700 _aЮ. Н.
942 _cBK
040 _aUA-OsUOA
_cUA-OsUOA
_dUA-OsUOA
245 _aРусско-немецкий словарь крылатых слов.
_bGerman
955 _a2
650 7 _2UDC
999 _c288099
_d288099